Úloha transcenter a dopravy v Československu ve srovnání se západoevropskými zeměmi.

Konfrontácia zámerov prognózy rozvoja obehových procesov v ČSFR so skúsenosťami v zahraničí. Možné prístupy realizácie rozvoja obehových procesov a skvalitnenia komerčných služieb ČSD (budovanie verejných, distribučných a skládkových základní pracujúcich v rámci logistického reťazca vybaveného najmo...

ver descrição completa

Na minha lista:
Detalhes bibliográficos
Autor principal: Kosinová, V.
Outros Autores: Hahn, L.
Formato: Capítulo de Livro
Idioma:tcheco
Assuntos:
Tags: Adicionar Tag
Sem tags, seja o primeiro a adicionar uma tag!

MARC

LEADER 00000naa a2200000 4500
001 r002391
005 20220909074301.8
041 0 |a cze 
044 |a [CS] 
245 1 0 |a Úloha transcenter a dopravy v Československu ve srovnání se západoevropskými zeměmi.  |c V. Kosinová, L. Hahn 
520 |a Konfrontácia zámerov prognózy rozvoja obehových procesov v ČSFR so skúsenosťami v zahraničí. Možné prístupy realizácie rozvoja obehových procesov a skvalitnenia komerčných služieb ČSD (budovanie verejných, distribučných a skládkových základní pracujúcich v rámci logistického reťazca vybaveného najmodernejšou výpočtovou technikou). Prínos výstavby transcentier v ČSFR a skvalitňovanie komerčných služieb železnice. 
610 2 0 |a ČSFR 
610 2 0 |a západná Európa 
610 2 0 |a stratégia hospodárska 
610 2 0 |a zmeny štruktúrne 
610 2 0 |a ČSD 
610 2 0 |a služby 
610 2 0 |a náklady obehu 
610 2 0 |a logistika 
610 2 0 |a doprava železničná 
610 2 0 |a reťazce distribučné 
100 1 |a Kosinová, V. 
700 1 |a Hahn, L.